Soccer Players Countries / National Teams - Statistics

General Stats
  • This quiz has been taken 111 times
  • The average score is 33 of 45
Answer Stats
Player Country % Correct
Manuel Neuer Germany
97%
Karim Benzema France
94%
Gerard Pique Spain
92%
James Milner England
91%
Wesley Sneijder Netherlands
90%
Robert Lewandowski Poland
90%
Robbie Keane Republic of Ireland
90%
Zlatan Ibrahimovic Sweden
90%
Gareth Bale Wales
90%
Mario Balotelli Italy
89%
Gonzalo Higuain Argentina
87%
Hulk Brazil
87%
Xherdan Shaqiri Switzerland
87%
Alexis Sanchez Chile
86%
Mario Mandzukic Croatia
85%
Edinson Cavani Uruguay
84%
Petr Cech Czech Republic
83%
Keisuke Honda Japan
83%
Michael Bradley United States
82%
Edin Dzeko Bosnia and Herzegovina
81%
Martin Ødegaard Norway
81%
Nani Portugal
81%
David Alaba Austria
80%
Tim Cahill Australia
79%
Keylor Navas Costa Rica
78%
Igor Akinfeev Russia
78%
Samuel Eto'o Cameroon
77%
Riyad Mahrez Algeria
75%
David Ospina Colombia
73%
Andres Guardado Mexico
70%
Nemanja Matić Serbia
69%
Arda Turan Turkey
69%
Christian Benteke Belgium
67%
Kostas Mitroglou Greece
67%
Gervinho Ivory Coast
66%
Andre Ayew Ghana
63%
Martin Skrtel Slovakia
61%
Steven Naismith Scotland
53%
Felipe Caicedo Ecuador
51%
Vincent Enyeama Nigeria
51%
Roque Santa Cruz Paraguay
46%
Reza Ghoochannejhad Iran
44%
Tim Matavž Slovenia
33%
Ciprian Marica Romania
28%
Kenny Stamatopoulos Canada
22%
No matching quizzes found
Score Distribution
Percent of People with Each Score
Percentile by Number Answered
Your Score History
You have not taken this quiz